书目信息 |
| 题名: |
土木工程材料
|
|
| 作者: | 任胜义 , 赖伶 编著 | |
| 分册: | ||
| 出版信息: | 北京 中国建材工业出版社 2015.03 |
|
| 页数: | 239页 | |
| 开本: | 26cm | |
| 丛书名: | ||
| 单 册: | ||
| 中图分类: | TU55 | |
| 科图分类: | ||
| 主题词: | 土木工程--tu mu gong cheng--建筑材料--高等教育--教材 | |
| 电子资源: | ||
| ISBN: | 978-7-5160-1151-5 | |
| 000 | 00960nam0 2200265 450 | |
| 001 | CAL 0120151556353 | |
| 005 | 20150619082510.3 | |
| 010 | @a978-7-5160-1151-5@dCNY58.80 | |
| 100 | @a20150618d2015 em y0chiy0120 ea | |
| 101 | 0 | @achi |
| 102 | @aCN@b110000 | |
| 105 | @aak a 000yy | |
| 106 | @ar | |
| 200 | 1 | @a土木工程材料@Atu mu gong cheng cai liao@f任胜义, 赖伶编著 |
| 210 | @a北京@c中国建材工业出版社@d2015.03 | |
| 215 | @a239页@c图@d26cm | |
| 320 | @a有书目 (第239页) | |
| 330 | @a全书共12章, 主要介绍土木工程材料的基本性质、无机气硬性胶凝材料、水泥、混凝土、砂浆、建筑钢材、墙体与屋面材料、建筑塑料与胶粘剂、防水材料、木材、装饰材料、绝热材料和吸声材料。 | |
| 333 | @a高等教育应用型本科土建类课改教科书 | |
| 606 | 0 | @a土木工程@Atu mu gong cheng@x建筑材料@x高等教育@j教材 |
| 690 | @aTU55@v5 | |
| 701 | 0 | @a任胜义@Aren sheng yi@4编著 |
| 701 | 0 | @a赖伶@Alai ling@4编著 |
| 801 | 0 | @aCN@b人天书店@c20150618 |
| 905 | @aTSG@bTU5@dTU55@eR538@f2 | |
| 土木工程材料/任胜义, 赖伶编著.-北京:中国建材工业出版社,2015.03 |
| 239页:图;26cm |
| 使用对象:高等教育应用型本科土建类课改教科书 |
| ISBN 978-7-5160-1151-5:CNY58.80 |
| 全书共12章, 主要介绍土木工程材料的基本性质、无机气硬性胶凝材料、水泥、混凝土、砂浆、建筑钢材、墙体与屋面材料、建筑塑料与胶粘剂、防水材料、木材、装饰材料、绝热材料和吸声材料。 |
| ● |
| 相关链接 |
|
|
|
正题名:土木工程材料
索取号:TU55/R538
 
预约/预借
| 序号 | 登录号 | 条形码 | 馆藏地/架位号 | 状态 | 备注 |
| 1 | 1535312 | 215353123 | 建筑库201/201建筑库 9排2列4层/ [索取号:TU55/R538] | 在馆 | |
| 2 | 1535313 | 215353132 | 建筑库201/201建筑库 9排2列4层/ [索取号:TU55/R538] | 在馆 |